Zwycięzcy Pucharu Polski 2010-2025 - Statystyki

Ogólne statystyki
  • Ten quiz został rozwiązany 42 razy
  • Średni wynik to 15 z 16
Statystyki odpowiedzi
Hint Odpowiedź % Poprawnych
2011 Legia Warszawa
100%
2012 Legia Warszawa
100%
2013 Legia Warszawa
100%
2015 Legia Warszawa
100%
2016 Legia Warszawa
100%
2018 Legia Warszawa
100%
2023 Legia Warszawa
100%
2025 Legia Warszawa
100%
2021 Raków Częstochowa
98%
2022 Raków Częstochowa
98%
2019 Lechia Gdańsk
93%
2010 Jagiellonia Białystok
90%
2024 Wisła Kraków
90%
2014 Zawisza Bydgoszcz
83%
2017 Arka Gdynia
78%
2020 Cracovia
70%
Nie znaleziono quizów pasujących do podanych kryteriów
Rozkład punktacji
Procent ludzi z każdym wynikiem
Percentyl według liczby udzielonych odpowiedzi
Twoja historia wyników
Nie rozwiązałeś tego quizu